000 00638nam a22002177a 4500
003 UA-OsUOA
001 38546
007 ta
008 20060516b un ||||| |||| 00| 0 ukr d
100 _aЧубко Олександр
090 _a32
_bЧ11
942 _cSA
040 _aUA-OsUOA
_bukr
_cUA-OsUOA
_dUA-OsUOA
245 _a"Вирвать мить із плину часу, в ній божисту вічність передать"
300 _a21-22 с.
955 _a0
041 _aukr
080 _a32
773 0 _w38544
_tЗарубіжна література
_dК.
_d2006
_g19
650 7 _a32 Політика
_2UDC
999 _c324701
_d324701